| 000 | 00503nam a22001577a 4500 | ||
|---|---|---|---|
| 005 | 20251108170840.0 | ||
| 008 | 250721s1994 xx 000 0 ara d | ||
| 082 | 1 | 4 | _a219/طاح |
| 100 | 1 | _aطاحون، أحمد بن محمد | |
| 245 | 1 | 0 | _aبهجة القلوب في رحاب مولد الهادي الحبيب / |
| 264 | 1 |
_aالقاهرة : _bمكتبة التراث الأسلامي، _c1994. |
|
| 300 | _a42ص. | ||
| 650 | 1 | 7 | _aالسيرة النبوية |
| 942 |
_2ddc _cBK |
||
| 999 |
_c50440 _d50440 |
||